000 00546nam a2200181Ia 4500
999 _c29024
_d29024
003 OSt
005 20201204093732.0
008 190216s9999||||xx |||||||||||||| ||und||
020 _a9788182644083
040 _coclc
082 _a894.8124
_bPAR/N
100 _aParis, Viswanathan
_97177
245 0 _aNeeyevide Priyapetta Vangogh /
_cViswanathan Paris
260 _bMathrubhumi Printing And Publishing,
_aKozhikode:
_c2007.
300 _a148p
650 _aLekhanam
942 _cBK
_2ddc
_h894.8124
_iPAR/N
_k894.8124
_mPAR/N